000 00670nam a2200217Ia 4500
003 GCL
008 140319s9999 xx 000 0 ara d
040 _aGCL /
_cGCL
082 0 4 _a956.9
_bع م
100 1 _aعبدالوهاب المسيرى
245 1 0 _aمن هو اليهودى /
_cعبدالوهاب المسيرى
300 _a85 ص
490 _aالهيئة العامة للاستعلامات
_v0
650 0 4 _aاسرائيل
650 0 4 _aالقضية الفلسطينية
650 0 4 _aالصهيونية
650 0 4 _aفلسطين المحتلة
650 0 4 _aاسرائيل - تاريخ
650 0 4 _aاليهود - تاريخ
942 _2ddc
_cBK
999 _c51971
_d51971